Cơ sở lý thuyết tính toán /

Сохранить в:
Библиографические подробности
Главный автор: Không rõ
Формат:
Язык:Vietnamese
Опубликовано: ĐHQG.HCM 2004
Метки: Добавить метку
Нет меток, Требуется 1-ая метка записи!
Thư viện lưu trữ: Mạng thư viện Đại học Đà Nẵng
LEADER 00643nam a2200265 4500
001 000027185
003 CT04
005 20150406120000.0
008 150406s vm 000 vie
020 |c 0,0000 
040 |a notts 
100 |a Không rõ 
245 |a Cơ sở lý thuyết tính toán /  |c Trần Đức Quang(biên dịch và chú giải). 
260 |b ĐHQG.HCM  |c 2004 
OWN |a LTT 
999 |a From the UDN01 
TYP |a Monograph 
TYP |a Printed language 
980 |a Mạng thư viện Đại học Đà Nẵng